000 00546nam a2200145Ia 4500
008 140724s9999 xx 000 0 und d
050 _aRC 489
_b.Ag283 2013
100 _aAguiluz, Marco.
245 _aResiliency and personality type among SISC BSN Graduates in the workplace:
_bbasis for a proposed program in developing resiliency in nurses /
_cMarco Aguiluz.
260 _aLas PiƱas, Philippines :
_bSouthville International School and Colleges,
_cc2013.
300 _a60 p. :
_c28 cm.
521 _aNursing
942 _cTH
999 _c229340
_d229340